The Corps at Aggieland /

Bibliographic Details
Main Author: Leftwich, Bill J.
Format: Book
Language:English
Published: Lubbock, Tex. : Smoke Signal Pub. Co., [1976]
Edition:1st ed.
Subjects:

MARC

Tag First Indicator Second Indicator Subfields
LEADER 00000cam a2200000 i 4500
001 in00000011102
005 20151007052004.0
008 760730s1976 txua 00010 eng
010 |a  76010114  
035 |a (OCoLC)02183491 
035 |9 AAA5771AM 
040 |a DLC  |c DLC  |d TXA  |d UtOrBLW 
043 |a n-us-tx 
049 |a TXAS [tamu] 
050 0 0 |a U429.T48  |b L43 
082 0 |a 355.2/232 
100 1 |a Leftwich, Bill J. 
245 1 4 |a The Corps at Aggieland /  |c by Bill J. Leftwich. 
250 |a 1st ed. 
264 1 |a Lubbock, Tex. :  |b Smoke Signal Pub. Co.,  |c [1976] 
264 4 |c ©1976 
300 |a 148 pages :  |b illustrations ;  |c 29 cm. 
336 |a text  |b txt  |2 rdacontent 
337 |a unmediated  |b n  |2 rdamedia 
338 |a volume  |b nc  |2 rdacarrier 
536 |a Cushing copy donated by John and Peggy Hill 
610 2 0 |a Texas A & M University.  |b Corps of Cadets. 
999 |a MARS 
999 f f |s e25fd37f-044a-3647-9710-6efd1113fe07  |i 3fc4eac7-9c88-33a5-9809-681768661d0a  |t 0 
952 f f |p noncirc  |a Texas A&M University  |b College Station  |c Cushing Memorial Library & Archives  |d Cushing: Texas A&M (Does not check out)  |t 0  |e U429.T48 L43  |h Library of Congress classification  |i unmediated -- volume 
952 f f |p noncirc  |a Texas A&M University  |b College Station  |c Cushing Memorial Library & Archives  |d Cushing: Kelsey Americana (Does not check out)  |t 0  |e U429.T48 L43  |h Library of Congress classification  |i unmediated -- volume 
952 f f |p noncirc  |a Texas A&M University  |b College Station  |c Cushing Memorial Library & Archives  |d Cushing: Texas A&M (Does not check out)  |t 0  |e U429.T48 L43 1976  |h Library of Congress classification  |i unmediated -- volume 
952 f f |p noncirc  |a Texas A&M University  |b College Station  |c Cushing Memorial Library & Archives  |d Cushing: Reference (Does not check out)  |t 0  |e U429.T48 L43  |h Library of Congress classification  |i unmediated -- volume 
998 f f |a U429.T48 L43  |t 0  |l Cushing: Reference (Does not check out) 
998 f f |a U429.T48 L43  |t 0  |l Cushing: Texas A&M (Does not check out) 
998 f f |a U429.T48 L43  |t 0  |l Cushing: Kelsey Americana (Does not check out) 
998 f f |a U429.T48 L43 1976  |t 0  |l Cushing: Texas A&M (Does not check out)